Katalog ubytovacích zařízení Olomouckého kraje = Katalog der Unterbringungsmöglichkeiten = Catalogue of accommodation facilities = Katalog obiektów noclegowych = Catalogus van logiesgelegenheden /

Hlavní autor: Machovský, Jan, 1973-
Jazyk: Nizozemština
Němčina
Polština
Čeština
Angličtina
Vydáno: Olomouc : Olomoucký kraj, 2004
Vydání: 1. vyd.
Témata:
Fyzický popis: 64 s. : barev. il., mapa ; 22 cm
Language note: Souběžný český, německý, anglický, polský a holandský text
Knihy
Uloženo v:
LEADER 01581nam a2200397 a 4500
001 000757652
003 CZ BrMZK
005 20190912132216.0
007 ta
008 050103s2004 xr ab erc 000 0 cze d
020 |q (brož.) 
040 |a BOA001  |b cze 
041 1 |a cze  |a dut  |a eng  |a ger  |a pol 
043 |a e-xr---  |b e-xr-ol  |2 czenas 
072 7 |a 64  |x Domácí hospodářství  |2 Konspekt  |9 19 
080 |a 640.41/.42  |2 MRF 
080 |a (437.325)  |2 MRF 
080 |a (083.81)  |2 MRF 
100 1 |a Machovský, Jan,  |d 1973-  |7 mzk2005266024  |4 aut 
245 1 0 |a Katalog ubytovacích zařízení Olomouckého kraje =  |b Katalog der Unterbringungsmöglichkeiten = Catalogue of accommodation facilities = Katalog obiektów noclegowych = Catalogus van logiesgelegenheden /  |c [zpracoval Jan Machovský] 
246 3 1 |a Katalog der Unterbringungsmöglichkeiten 
246 3 1 |a Catalogue of accommodation facilities 
246 3 1 |a Katalog obiektów noclegowych 
246 3 1 |a Catalogus van logiesgelegenheden 
250 |a 1. vyd. 
260 |a Olomouc :  |b Olomoucký kraj,  |c 2004 
300 |a 64 s. :  |b barev. il., mapa ;  |c 22 cm 
500 |a Názvy z obálky 
546 |a Souběžný český, německý, anglický, polský a holandský text 
650 0 7 |a ubytovací zařízení  |7 ph126852  |z Česko  |2 czenas 
651 7 |a Olomoucký kraj (Česko : 2000-)  |7 ge136508  |2 czenas 
655 7 |a katalogy  |7 fd132535  |2 czenas 
910 |a BOA001  |b 2-1145.037 
990 |a BK 
991 |b 200502  |c NOV 
996 6 |b 2610237196  |c 2-1145.037  |l MZK  |r Sklad / do 1 hodiny  |n 1  |p p.v.  |w 000757652  |u 000010  |a 1  |e BOA001  |j MZK50  |s P